000 00633nam a22002177a 4500
003 UA-OsUOA
001 56043
007 ta
008 20080929b un ||||| |||| 00| 0 ukr d
100 _aЛисенко Б.В.
090 _a330
_bЛ63
942 _cSA
040 _aUA-OsUOA
_bukr
_cUA-OsUOA
_dUA-OsUOA
245 _aПрограми розвитку соціально житла в малих містах України
300 _aС.100-104
955 _a0
041 _aukr
080 _a330
773 0 _w56033
_tСтатистика України
_dК.
_d2008
_g2
650 7 _a330 Економіка взагалі
_2UDC
999 _c342347
_d342347